000 00770nam a22001577a 4500
003 OSt
005 20150923164217.0
008 150923b xxu||||| |||| 00| 0 eng d
040 _cRUA
082 _aAGR LIM 2011 B048 Or.1
100 _91223
_aLIM SREYMOM
245 _aEffect of weeds control techniques on IR66 in Early wet season in chumkiri district, kampot province,(ឥទ្ធិពលបច្ចេកទេសគ្រប់គ្រងស្មៅទៅលើពូជស្រូវអ៊ីអ៊ែរ​ ៦៦ ក្នុងលក្ខខណ្ឌដើមរដូវវស្សា នៅស្រុកជុំគីរី ខេត្តកំពត)
260 _aphnom penh
_bRUA
_c2011
300 _axi, 48p.
_cill.
_g29cm.
942 _2ddc
_cAGR
999 _c1167
_d1167